<?xml version="1.0" encoding="UTF-8"?>
<record
    xmlns:xsi="http://www.w3.org/2001/XMLSchema-instance"
    xsi:schemaLocation="http://www.loc.gov/MARC21/slim http://www.loc.gov/standards/marcxml/schema/MARC21slim.xsd"
    xmlns="http://www.loc.gov/MARC21/slim">

  <leader>01492namaa22003131i 4500</leader>
  <controlfield tag="005">20260307104724.0</controlfield>
  <controlfield tag="008">260104s1997    ua a|||frm||| 000 0 eng d</controlfield>
  <datafield tag="040" ind1=" " ind2=" ">
    <subfield code="a">EG-GICUC</subfield>
    <subfield code="b">eng</subfield>
    <subfield code="c">EG-GICUC</subfield>
    <subfield code="d">EG-GICUC</subfield>
    <subfield code="e">rda</subfield>
  </datafield>
  <datafield tag="041" ind1="0" ind2=" ">
    <subfield code="a">eng</subfield>
    <subfield code="b">eng</subfield>
    <subfield code="b">ara</subfield>
  </datafield>
  <datafield tag="049" ind1=" " ind2=" ">
    <subfield code="a">Deposit</subfield>
  </datafield>
  <datafield tag="097" ind1=" " ind2=" ">
    <subfield code="a">Ph.D</subfield>
  </datafield>
  <datafield tag="099" ind1=" " ind2=" ">
    <subfield code="a">Cai01.12.07.Ph.D.1997.Sa.N</subfield>
  </datafield>
  <datafield tag="100" ind1="0" ind2=" ">
    <subfield code="a">Samia Sayed Osman Ibrahim,</subfield>
    <subfield code="e">preparation.</subfield>
  </datafield>
  <datafield tag="245" ind1="1" ind2="0">
    <subfield code="a">New Approaches for the synthesis of arylhydrazone and heteroarylhydrazo derivatives and their uses for the synthesis of heterocyclic derivatives /</subfield>
    <subfield code="c">By Samia Sayed Osman Ibrahim ; Supervisors Prof. Dr. Rafat. M. Mohareb, Prof. Dr. Adiba Habashi</subfield>
  </datafield>
  <datafield tag="246" ind1="1" ind2="5">
    <subfield code="a">&#x637;&#x631;&#x642; &#x645;&#x62A;&#x628;&#x643;&#x631;&#x629; &#x644;&#x62A;&#x62D;&#x636;&#x64A;&#x631; &#x645;&#x634;&#x62A;&#x642;&#x627;&#x62A; &#x627;&#x644;&#x627;&#x631;&#x64A;&#x644; &#x647;&#x64A;&#x62F;&#x631;&#x627;&#x632;&#x648;&#x646; &#x648;&#x627;&#x644;&#x627;&#x631;&#x64A;&#x644; &#x647;&#x64A;&#x62F;&#x631;&#x627;&#x632;&#x648;&#x646; &#x627;&#x644;&#x62D;&#x644;&#x642;&#x64A;&#x629; &#x63A;&#x64A;&#x631; &#x627;&#x644;&#x645;&#x62A;&#x62C;&#x627;&#x646;&#x633;&#x629; &#x648;&#x627;&#x633;&#x62A;&#x62E;&#x62F;&#x627;&#x645;&#x627;&#x62A;&#x647;&#x627; &#x644;&#x62A;&#x62D;&#x636;&#x64A;&#x631; &#x627;&#x644;&#x645;&#x634;&#x62A;&#x642;&#x627;&#x62A; &#x627;&#x644;&#x62D;&#x644;&#x642;&#x64A;&#x629; &#x63A;&#x64A;&#x631; &#x627;&#x644;&#x645;&#x62A;&#x62C;&#x627;&#x646;&#x633;&#x629;</subfield>
  </datafield>
  <datafield tag="264" ind1=" " ind2="0">
    <subfield code="c">1997.</subfield>
  </datafield>
  <datafield tag="300" ind1=" " ind2=" ">
    <subfield code="a">184 Leaves :</subfield>
    <subfield code="b">illustrations</subfield>
    <subfield code="c">30 cm. + </subfield>
  </datafield>
  <datafield tag="336" ind1=" " ind2=" ">
    <subfield code="2">rda content</subfield>
    <subfield code="a">text</subfield>
  </datafield>
  <datafield tag="337" ind1=" " ind2=" ">
    <subfield code="2">rdamedia</subfield>
    <subfield code="a">Unmediated</subfield>
  </datafield>
  <datafield tag="338" ind1=" " ind2=" ">
    <subfield code="2">rdacarrier</subfield>
    <subfield code="a">volume</subfield>
  </datafield>
  <datafield tag="502" ind1=" " ind2=" ">
    <subfield code="a">Thesis (Ph.D)-Cairo University, 1997.</subfield>
  </datafield>
  <datafield tag="504" ind1=" " ind2=" ">
    <subfield code="a">Bibliography: pages 164-184</subfield>
  </datafield>
  <datafield tag="653" ind1=" " ind2="0">
    <subfield code="a">synthesis of arylhydrazone</subfield>
  </datafield>
  <datafield tag="700" ind1="0" ind2=" ">
    <subfield code="a">Rafat. M. Mohareb</subfield>
    <subfield code="e">thesis advisor.</subfield>
  </datafield>
  <datafield tag="700" ind1="0" ind2=" ">
    <subfield code="a">Adiba Habashi</subfield>
    <subfield code="e">thesis advisor.</subfield>
  </datafield>
  <datafield tag="900" ind1=" " ind2=" ">
    <subfield code="D">Department of Chemistry</subfield>
    <subfield code="F">Faculty of Science</subfield>
    <subfield code="U">Cairo University</subfield>
    <subfield code="b">1997</subfield>
    <subfield code="c">Rafat. M. Mohareb</subfield>
    <subfield code="c">Adiba Habashi</subfield>
  </datafield>
  <datafield tag="905" ind1=" " ind2=" ">
    <subfield code="a">Nehad</subfield>
    <subfield code="e">Nourhan</subfield>
  </datafield>
  <datafield tag="942" ind1=" " ind2=" ">
    <subfield code="2">ddc</subfield>
    <subfield code="c">TH</subfield>
    <subfield code="e">21</subfield>
    <subfield code="n">0</subfield>
  </datafield>
  <datafield tag="999" ind1=" " ind2=" ">
    <subfield code="c">177348</subfield>
  </datafield>
  <datafield tag="952" ind1=" " ind2=" ">
    <subfield code="2">ddc</subfield>
    <subfield code="9">313212</subfield>
    <subfield code="a">CUCL</subfield>
    <subfield code="b">100</subfield>
    <subfield code="d">2026-01-04</subfield>
    <subfield code="i">30765</subfield>
    <subfield code="o">Cai01.12.07.Ph.D.1997.Sa.N</subfield>
    <subfield code="p">01010110030765000</subfield>
    <subfield code="r">2026-01-04 10:37:39</subfield>
    <subfield code="w">2026-01-04</subfield>
    <subfield code="y">TH</subfield>
  </datafield>
</record>
